| 000 | 00523nam a22001697a 4500 | ||
|---|---|---|---|
| 005 | 20231127061039.0 | ||
| 008 | 231127b |||||||| |||| 00| 0 eng d | ||
| 041 | _aEnglish | ||
| 082 | _a340.5 KEE | ||
| 100 | _lEnglish | ||
| 245 |
_aSelec Theses on the Laws of Holland and Zeeland _cVan der LKeessel, DG |
||
| 250 | _aFirst Edition | ||
| 260 |
_aCape Town : _bJuta and Company Ltd, _c1884 |
||
| 300 |
_bxxxi, 374 pages ; _c21 cm. |
||
| 650 |
_aLegal practice _bLaw |
||
| 942 |
_cBK _6ALISON_BN_VRIES |
||
| 999 |
_c955 _d955 |
||